Online Catalogue and eLibrary

Cinema satahan (Record no. 1401)

MARC details
000 -LEADER
fixed length control field 00339nam a2200145Ia 4500
005 - DATE AND TIME OF LATEST TRANSACTION
control field 20250526032538.0
008 - FIXED-LENGTH DATA ELEMENTS--GENERAL INFORMATION
fixed length control field 240331s9999 xx 000 0 und d
082 ## - DDC Classification
Item Number - Author Mark JAY
Class No. 302
100 ## - MAIN ENTRY--PERSONAL NAME
Personal name Jayasundara, T
245 #0 - TITLE STATEMENT
Title Cinema satahan
260 ## - PUBLICATION, DISTRIBUTION, ETC.
Place of publication, distribution, etc. Kandy
Name of publisher, distributor, etc. Sampath printing press
Date of publication, distribution, etc. 1994
300 ## - PHYSICAL DESCRIPTION
Extent (e.g. Volumes, Pages etc.) 39 p .,
650 ## - SUBJECT ADDED ENTRY--TOPICAL TERM
Topical term or geographic name entry element Cinema
942 ## - Koha item type (Biblio)
Koha item type Books in Stacks (Lending)
Holdings
Lost status Damaged status Collection code Home library Current library Shelving location Date acquired Full call number Accession Number Item type
    Lending WERC Library WERC Library Social Science Cupboard 03/31/2024 302.234 JAY 3817 Books in Stacks (Lending)

© WERC Library